Geography Quiz

Random Geography or State Quiz

Multi-State Metro Areas Quiz Stats

Quiz Updated Aug 20, 2012

Challenge
Share
Tweet
Embed
Score 0/15 Timer 05:00
0 Plays Today
Population City % Correct
18,897,109New York
98.8%
9,461,105Chicago
90.4%
5,965,343Philadelphia
81.7%
5,582,170Washington, D.C.
81.3%
4,552,402Boston
79.3%
2,035,334Kansas City
77.2%
2,812,896St. Louis
73.5%
2,130,151Cincinnati
60%
Population City % Correct
1,316,100Memphis
58.6%
2,226,009Portland
51.2%
3,317,308Minneapolis
48.6%
1,307,647Louisville
43.8%
1,758,038Charlotte
43.1%
1,600,852Providence
32%
1,671,683Virginia Beach
23.4%

You're not logged in!

Compare scores with friends on all Sporcle quizzes.
Join for Free
OR
Log In

You Might Also Like...

Show Comments

Extras

Top Quizzes Today


Score Distribution

Your Account Isn't Verified!

In order to create a playlist on Sporcle, you need to verify the email address you used during registration. Go to your Sporcle Settings to finish the process.

Report this User

Report this user for behavior that violates our Community Guidelines.

Details: